000 00703nam a2200289Ia 4500
005 20260324135944.0
008 008 260324s9999 xx 000 0 eng d
020 _a9780203223239
037 _aEBOOK
040 _aCRL
040 _beng
040 _cCRL
041 _2eng
041 _aeng
084 _qCRL
100 _aNick Selves; J. Shanahan; Colin Sproul
_91202567
245 0 _aProfiled Sheet Roofing and Cladding
245 2 _bA Guide to Good Practice
260 _bTaylor and Francis
260 _c1999
365 _a
365 _b305
856 _uhttp://www.taylorfrancis.com/books/9780203223239
942 _cEBOOK
999 _c1804136
_d1804136